000 00987nam a2200301Ia 4500
003 OSt
005 20221007125606.0
006 a|||||r|||| 00| 0
007 ta
008 221006b |||||||| |||| 00| 0 eng d
020 _a8178087367 (pbk)
_cRs.95.00
024 _a15812
037 _b110, 11/10/2005, Dhanraj Book House
_cTextual
040 _aCDL
_cCDL
_beng
041 _2eng
_aeng
082 _aD65,8(B)92CL, M6;M8-;1 Carc
100 _aKernighan Brian W
245 0 _aC programming language
_b Ritchie Dennis M
250 _a2
260 _aDelhi
_bPearson Education,Inc.
_c1988
300 _axii, 272p.
_ccm.
500 _aAppendix A-C, 191-261p.; Index 263-272p.
650 _a Programming language
_9713700
650 _aChemistry
700 _a Ritchie Dennis M
942 _hD65,8(B)92CL, M6;M8-;1 Carc
_cTEXL
_2CC
999 _c1215557
_d1215557